Представление документа в формате MARC21

Поле Инд. ПП Название Значение
Тип записи a
Библиографический уровень m
001 Контрольный номер c4af0909d58c4b629f3b17f99c04931a
005 Дата корректировки 20260402104534.1
008 Кодируемые данные 260402s1967 ru |||||||||||000|||rus|d
040 a Служба первич. каталог. ЦГБ г. В. Луки
b Код языка каталог. rus
041 0_ a Код языка текста rus
084 2 Источник индекса rubbk
a Индекс другой классификации/Индекс ББК 65.9(2)
090 x Авторский знак Э 40
j Имя библиотеки ЦГБ г. В. Луки
097 b Оператор КИС-р
245 10 a Заглавие Экономическая жизнь СССР. Хроника событий и фактов. 1917-1965
b Продолж. заглавия в 2 кн.
c Ответственность под редакцией С. Г. Струмилин
n Номер части/ раздела Кн. 2
p Название части/ раздела 1951-1965
260 a Место издания Москва
b Издательство Советская энциклопедия
c Дата издания 1967
300 a Объем 932 с.
650 14 a Основная рубрика Экономическая география
653 1_ a Ключевые слова экономическая география
901 t Тип документа m